000 00693nam a2200205Ia 4500
001 17197
003 GE_BSU
008 181216s||||||||xx |||||||||||||| ||und||
040 _cGE_BSU
080 _a821.161.1-32
245 _aრუს მწერალთა მოთხრობები
245 _bკრებული
245 _cთარგმ. ი. ზურაბიშვილისა. რედ. რ. მარგიანი
260 _aთბილისი
260 _bსაბლიტგამი
260 _c1956
300 _a188გვ. : ილ. ; 22სმ.
653 _aრუს მწერალთა მოთხრობები
942 _cBK
999 _c50259
_d50259